000 00624nab a2200181 4500
001 244442
003 OSt
005 20250528130340.0
007 tu
008 200917s2020|||||||
040 _aDE-2950
_cDE-2950
245 0 0 _aDésirée Schrade will Oberbürgermeisterin werden
_bStadtpolitik. Die CDU Frankfurt (Oder) hat sich entschieden und geht mit der Kreisvorsitzenden der Union als Kandidatin in die Wahl/
_cThomas Gutke
264 _c2024
653 _aFrankfurt (Oder)
653 _aDésirée Schrade
773 0 _g36. Jahrgang (2025) Nr. 119 vom 23.05.2025, S. 13 mit Foto
_tMärkische Oderzeitung
942 _2z
_cA
999 _c373794
_d373794